[Event "4NCL 2021-22"]
[Site "England"]
[Date "2022.04.30"]
[Round "7.35"]
[White "O'Donnell, Conor"]
[Black "Ratnesan, Ranesh"]
[Result "1/2-1/2"]
[WhiteElo "2281"]
[BlackElo "2258"]
[Annotator "TA"]
[PlyCount "64"]
[EventDate "2021.11.27"]
[EventType "team-tourn"]
[EventCountry "ENG"]
[SourceTitle "playchess.com"]
[Source "ChessBase"]
[SourceQuality "1"]
[TimeControl "40/6000+30:3000+30"]

{[%evp 16,64,31,20,27,18,25,25,43,-5,-17,-67,-42,-32,-35,-37,-46,-44,8,2,65,72,58,82,70,77,62,63,79,91,119,40,55,0,0,0,0,-64,-66,-125,0,0,0,-109,44,0,0,-107,56,0,0]} 1. d4 {[%emt 0:03:53]} d5 {[%emt 0:00:14]} 2. c4 {[%emt 0:00:22]} e6 {[%emt 0:00:12]} 3. Nc3 {[%emt 0:01:24]} Nf6 {[%emt 0:00:08]} 4. cxd5 {[%emt 0:00:29]} exd5 {[%emt 0:00:06]} 5. Bg5 {[%emt 0:00:07]} c6 {[%emt 0:00:12]} 6. e3 {[%emt 0:00:05]} Be7 {[%emt 0:00:05]} 7. Bd3 {[%emt 0:00:21]} Nbd7 $1 {[%emt 0:00:11] 7...Nbd7 scores better than 7...0-0.} 8. Nf3 {[%emt 0:03:24]} h6 {[%emt 0:00:27]} 9. Bf4 {[%emt 0:03:25]} Nh5 {[%emt 0:04:10] D35: Queen's Gambit Declined: Exchange Variation.} 10. Be5 {[%emt 0:01:46]} Nxe5 {[%emt 0:06:22]} 11. dxe5 {[%emt 0:07:41]} g6 {[%emt 0:06:11] [#] White has an edge.} 12. Rg1 $146 {[%emt 0:07:10]} (12. Qc2 $14 {should be considered.}) ({Predecessor:} 12. h3 Ng7 13. O-O O-O 14. Qd2 h5 15. Nd4 c5 16. Nc2 Be6 17. f4 h4 18. Rad1 {1-0 (44) Sarana,A (2685)-Harsha,B (2499) Chess.com INT 2022}) 12... Ng7 {[%emt 0:06:02]} 13. g4 {[%emt 0:04:37]} (13. Qc2 $11) 13... Qb6 {[%emt 0:16:00]} 14. Qc2 {[%emt 0:11:57]} Be6 {[%emt 0:07:57]} 15. O-O-O {[%emt 0:00:35]} ({Wrong is} 15. Bxg6 $2 fxg6 16. Qxg6+ Bf7 $19) 15... O-O-O {[%emt 0:02:07]} 16. Nd4 {[%emt 0:02:56]} c5 {[%emt 0:05:58]} (16... Kb8 $15) 17. Nxe6 $11 {[%emt 0:01:50]} (17. Kb1 {keeps more tension.} Kb8 18. Nxe6 Qxe6 19. f4) 17... Nxe6 {[%emt 0:00:13] [#]} (17... Qxe6 $11 18. f4 Kb8) 18. Bxg6 $1 $14 {[%emt 0:11:41]} fxg6 {[%emt 0:09:35]} 19. Nxd5 {[%emt 0:00:03]} Rxd5 {[%emt 0:00:20]} 20. Rxd5 {[%emt 0:00:04]} Nc7 {[%emt 0:02:22]} 21. Rd2 {[%emt 0:03:28]} Qc6 {[%emt 0:07:45]} 22. Rgd1 {[%emt 0:04:59]} Re8 {[%emt 0:03:41] [#]} 23. Qd3 {[%emt 0:09:13]} (23. Rd6 $1 $16 {[%mdl 512]} Bxd6 24. exd6) 23... Na8 {[%emt 0:05:40]} 24. Qc4 {[%emt 0:05:33]} (24. a4 $14) 24... Rf8 $1 $11 {[%emt 0:08:43]} 25. f4 {[%emt 0:02:01]} Nb6 {[%emt 0:00:10] Prevents Qd5.} 26. Qf1 {[%emt 0:06:24]} (26. Qc2 $11) 26... Qe6 $15 {[%emt 0:02:10][%csl LRa2,LRg4][%mdl 1024] Black has compensation.} 27. b3 {[%emt 0:02:28] Against Nc4} (27. Qb5 $15) 27... Qxg4 {[%emt 0:00:40]} (27... Kb8 $17 28. Kb2 c4) 28. a4 $1 $11 {[%emt 0:00:19] And now a5 would win.} Qe6 {[%emt 0:06:05]} 29. Qb5 {[%emt 0:03:15] [#]} ({Much weaker is} 29. a5 Qxb3 $1 30. axb6 c4 $15) (29. Kb2 $1 $11) 29... Na8 $2 {[%emt 0:02:37]} ({Black should try} 29... a6 $1 $17 {[%cal Ra6b5]} 30. Qd3 Kb8) 30. Rd7 $2 {[%emt 0:03:49]} (30. Qd7+ $14 Qxd7 31. Rxd7) 30... Nb6 $17 {[%emt 0:00:10]} 31. R7d2 {[%emt 0:02:20]} Na8 $2 {[%emt 0:01:29]} ({Black should play} 31... a6 $17 32. Qd3 Rd8) 32. Rd7 {[%emt 0:00:17]} (32. Qd7+ $14 Qxd7 33. Rxd7) 32... Nb6 {[%emt 0:00:19] Weighted Error Value: White=0.23 (precise) /Black=0.28 (precise)} 1/2-1/2

[Event "4NCL 2021-22"]
[Site "England"]
[Date "2022.04.30"]
[Round "7.36"]
[White "Skettos, Nicolas"]
[Black "Fitzsimons, David"]
[Result "0-1"]
[WhiteElo "1940"]
[BlackElo "2369"]
[Annotator "TA"]
[PlyCount "126"]
[EventDate "2021.11.27"]
[EventType "team-tourn"]
[EventCountry "ENG"]
[SourceTitle "playchess.com"]
[Source "ChessBase"]
[SourceQuality "1"]
[TimeControl "40/6000+30:3000+30"]

{[%evp 13,126,22,22,0,14,8,10,-12,12,-27,-34,-77,-76,-88,-74,-55,41,35,31,31,40,50,22,0,0,-52,-36,-95,-38,-35,-27,-52,-46,-60,-46,-115,-98,-106,-82,-89,-66,-83,-62,-139,-140,-137,-138,-115,-151,-151,-166,-148,-70,-188,0,-204,0,0,0,0,0,0,0,0,0,0,0,-25,0,-181,-184,-274,-273,-273,-273,-266,-259,-247,-246,-232,0,-743,-743,-707,-724,-720,-693,-799,-783,-1129,-1073,-12837,-12837,-12848,-12848,-12850,-12849,-12850,-12850,-12850,-27999,-27999,-27999,-27999,-27999,-27999,-27999,-27999,-27999,-27999,-27999,-27999,-27999,-27999,-27999]} 1. e4 {[%emt 0:00:01]} c5 {[%emt 0:00:06]} 2. Nf3 {[%emt 0:03:30]} d6 {[%emt 0:00:15]} 3. d4 {[%emt 0:01:11]} cxd4 {[%emt 0:00:07]} 4. Nxd4 {[%emt 0:00:02]} Nf6 {[%emt 0:00:12]} 5. Nc3 {[%emt 0:00:03]} a6 {[%emt 0:00:18]} 6. Be3 {[%emt 0:01:50]} e5 {[%emt 0:00:40]} 7. Nb3 {[%emt 0:00:08]} Be7 {[%emt 0:00:08]} 8. h3 {[%emt 0:01:19] B90: Sicilian Najdorf: Unusual White 6th moves, 6 Be3 Ng4 and 6 Be3 e5.} Be6 {[%emt 0:03:50]} 9. f4 {[%emt 0:06:39]} b5 {[%emt 0:06:18][%cal Bb7b5,Bb5b4][%mdl 32]} 10. f5 {[%emt 0:21:13] The position is equal.} Bc8 {[%emt 0:00:28] [#]} 11. g4 $146 {[%emt 0:04:07]} ({Predecessor:} 11. a4 Bb7 12. axb5 Nxe4 13. Nxe4 Bxe4 14. Qd2 O-O 15. bxa6 d5 16. c3 d4 17. cxd4 {0-1 (87) Bharath,S (2417)-Shevchenko,K (2541) Barcelona 2019}) 11... Bb7 {[%emt 0:01:40]} 12. Bg2 {[%emt 0:05:20]} b4 $1 {[%emt 0:00:49]} 13. Nd5 {[%emt 0:03:03]} Nxd5 {[%emt 0:00:38]} 14. exd5 {[%emt 0:00:03]} Bg5 {[%emt 0:05:26]} (14... Bh4+ $15 15. Kf1 Nd7) 15. Bxg5 $1 $14 {[%emt 0:07:26]} Qxg5 {[%emt 0:00:20]} 16. Na5 {[%emt 0:01:08]} Qe3+ {[%emt 0:10:34]} 17. Qe2 {[%emt 0:00:50]} Qb6 {[%emt 0:01:01]} 18. Nxb7 {[%emt 0:04:17]} (18. Nc4 $5 {[%cal Rc4b6]} Qc5 19. a3 $11) 18... Qxb7 {[%emt 0:00:06]} 19. O-O {[%emt 0:01:49]} ({Better is} 19. f6 $11) 19... Nd7 $15 {[%emt 0:00:39]} 20. a3 {[%emt 0:06:50]} (20. Rf4 $15) 20... a5 {[%emt 0:05:39]} (20... bxa3 $17 21. b3 (21. bxa3 Qa7+ 22. Kh2 O-O $17) (21. Rxa3 Qxb2 22. Rxa6 Rxa6 $17) 21... Qb4) 21. axb4 {[%emt 0:01:32]} Qxb4 {[%emt 0:00:42]} 22. c3 {[%emt 0:09:03]} Qb6+ {[%emt 0:00:44]} 23. Kh1 {[%emt 0:00:48]} O-O {[%emt 0:00:27]} 24. g5 {[%emt 0:02:02]} (24. Ra2 $15) 24... f6 $17 {[%emt 0:05:05]} 25. g6 {[%emt 0:00:54]} h6 {[%emt 0:00:25]} 26. Ra4 {[%emt 0:01:03]} Rfb8 {[%emt 0:02:10]} 27. Rc4 {[%emt 0:08:14]} Qa6 {[%emt 0:03:23] Strongly threatening ...Nc5.} 28. Re4 {[%emt 0:03:11]} (28. Rf2 $15) 28... Nc5 $1 {[%emt 0:00:28]} 29. Qxa6 {[%emt 0:01:02]} Rxa6 {[%emt 0:00:06]} 30. Re2 {[%emt 0:00:07]} Na4 {[%emt 0:00:22]} 31. Ra1 {[%emt 0:03:11]} Nxb2 {[%emt 0:01:29]} (31... Rxb2 $2 32. Bf1 Rxe2 33. Bxe2 $18) 32. Bf1 {[%emt 0:01:40][%cal Oe2b2]} Raa8 {[%emt 0:04:33]} (32... Ra7 $1 $17 33. c4 a4) 33. Rb1 {[%emt 0:05:23]} ({White should play} 33. c4 $15) 33... Na4 $2 {[%emt 0:06:18]} (33... Nc4 $1 $19 34. Ra1 Kf8) 34. Rxb8+ $11 {[%emt 0:00:30]} Rxb8 {[%emt 0:00:49][%mdl 4096] Endgame KRB-KRN} 35. Ra2 {[%emt 0:00:34]} Nxc3 {[%emt 0:01:01]} 36. Rxa5 {[%emt 0:00:20]} Kf8 {[%emt 0:03:10]} 37. Ra7 {[%emt 0:03:09]} Rb1 {[%emt 0:01:23]} (37... Nxd5 38. Rf7+ Ke8 39. Bg2) 38. Rf7+ {[%emt 0:01:35]} Ke8 {[%emt 0:00:11]} 39. Kg2 {[%emt 0:00:48]} Nxd5 {[%emt 0:02:07]} 40. Kf2 {[%emt 0:01:40]} Rb2+ {[%emt 0:01:52]} (40... Rxf1+ $5 41. Kxf1 Ne3+ 42. Ke2 Nxf5 $11) 41. Ke1 $2 {[%emt 0:52:49]} (41. Kg1 $1 $11 {and White stays safe.}) 41... e4 $1 $19 {[%emt 0:55:24]} 42. Rxg7 {[%emt 0:00:00] [#]} (42. Ba6 $142) 42... Rb1+ $1 {[%emt 0:00:00][%cal Bb2b1,Bb1f1,Bf1f5][%mdl 32]} 43. Kf2 {[%emt 0:00:00] aiming for Bc4.} e3+ {[%emt 0:00:00]} 44. Ke2 {[%emt 0:00:00] Hoping for Rg8+.} Nc3+ {[%emt 0:00:00]} 45. Kxe3 {[%emt 0:00:00]} Rxf1 {[%emt 0:00:00] KRN-KR} 46. Rg8+ {[%emt 0:00:00] [#]} Ke7 $2 {[%emt 0:00:00]} (46... Kd7 $1 $19 47. Ra8 Nd5+ 48. Ke2 Rg1) 47. Rg7+ $2 {[%emt 0:00:00][%mdl 8192]} (47. Ra8 $11 Nd5+ 48. Ke4 Rf4+ 49. Kd3 (49. Kxd5 Rxf5+ 50. Ke4 Rg5 $11) 49... Rf3+ 50. Ke4 Rf4+ 51. Kd3 (51. Kxd5 Rxf5+ 52. Ke4 Rg5 $11) 51... Rf3+ 52. Ke4 Rf4+) 47... Kf8 {[%emt 0:00:00]} 48. Rf7+ {[%emt 0:00:00]} Kg8 {[%emt 0:00:00]} 49. Kd4 {[%emt 0:00:00]} Ne2+ {[%emt 0:00:00]} 50. Kd5 {[%emt 0:00:00]} Rxf5+ {[%emt 0:00:00]} 51. Ke6 {[%emt 0:00:00]} Rf3 {[%emt 0:00:00]} 52. Kxd6 {[%emt 0:00:00]} Rxh3 {[%emt 0:00:00]} 53. Rxf6 {[%emt 0:00:00]} Kg7 {[%emt 0:00:00]} 54. Rf2 {[%emt 0:00:00]} Re3 {[%emt 0:00:00]} 55. Rg2 {[%emt 0:00:00]} Nf4 {[%emt 0:00:00][%csl LRg2,LRg6]} 56. Rg1 {[%emt 0:00:00]} Nxg6 {[%emt 0:00:00]} 57. Kd5 {[%emt 0:00:00] Black mates.} h5 {[%emt 0:00:00][%cal Bh6h5,Bh5h4,Bh4h3][%mdl 32]} 58. Kd4 {[%emt 0:00:00]} Re8 {[%emt 0:00:00]} 59. Kd3 {[%emt 0:00:00]} h4 {[%emt 0:00:00]} 60. Kd2 {[%emt 0:00:00]} Kh6 {[%emt 0:00:00]} 61. Kd1 {[%emt 0:00:00]} Kh5 {[%emt 0:00:00]} 62. Kd2 {[%emt 0:00:00]} h3 {[%emt 0:00:00]} 63. Rg3 {[%emt 0:00:00]} Nf4 {[%emt 0:00:00] Weighted Error Value: White=0.63/Black=0.16 (very precise)} 0-1

[Event "4NCL 2021-22"]
[Site "England"]
[Date "2022.04.30"]
[Round "7.37"]
[White "Haydon, David L"]
[Black "Bansal, Rohan"]
[Result "1-0"]
[WhiteElo "2294"]
[BlackElo "1971"]
[Annotator "TA"]
[PlyCount "77"]
[EventDate "2021.11.27"]
[EventType "team-tourn"]
[EventCountry "ENG"]
[SourceTitle "playchess.com"]
[Source "ChessBase"]
[SourceQuality "1"]
[TimeControl "40/6000+30:3000+30"]

{[%evp 9,77,11,17,12,19,25,31,16,31,22,20,11,17,14,17,15,15,6,9,8,14,16,33,27,67,41,42,43,66,66,78,74,73,76,58,79,71,68,78,40,47,51,43,27,47,57,91,71,135,118,114,101,202,191,240,229,345,331,366,347,464,429,544,436,568,575,562,554,537,222]} 1. e4 {[%emt 0:00:01]} e6 {[%emt 0:00:07]} 2. d4 {[%emt 0:00:34]} d5 {[%emt 0:00:11]} 3. Nd2 {[%emt 0:00:45]} Nf6 {[%emt 0:02:13]} 4. e5 {[%emt 0:01:50]} Nfd7 {[%emt 0:00:07]} 5. f4 {[%emt 0:00:49]} c5 {[%emt 0:04:24]} 6. Ngf3 {[%emt 0:01:29] C05: French Tarrasch: 3...Nf6 4 e5 Nfd7, 5 f4 and 5 Bd3 sidelines.} b6 {[%emt 0:04:41]} 7. c3 {[%emt 0:01:39]} Be7 {[%emt 0:09:09]} 8. Bd3 {[%emt 0:02:48] White is slightly better.} Ba6 {[%emt 0:00:45]} 9. Bxa6 {[%emt 0:01:56]} Nxa6 {[%emt 0:00:24]} 10. O-O {[%emt 0:01:53][%cal Bh1f1,Bf1f2,Bf2e2][%mdl 32]} Nc7 {[%emt 0:27:55]} 11. Rf2 {[%emt 0:04:47]} O-O {[%emt 0:21:55]} 12. Nf1 {[%emt 0:01:30]} f5 {[%emt 0:09:19]} 13. exf6 {[%emt 0:02:53]} Nxf6 {[%emt 0:01:40] [#]} 14. Re2 $146 {[%emt 0:06:02]} ({Predecessor:} 14. Ng3 cxd4 15. Nxd4 Qd7 16. Qd3 Bd6 17. Re2 Rae8 18. Nf3 Ng4 19. h3 e5 20. hxg4 {½-½ (48) Gonzalez Perez,A (2440)-Sanchez Jerez,E (2187) Oeiras 2015}) 14... Ne4 {[%emt 0:04:00]} 15. Ng3 {[%emt 0:02:29]} Nxg3 {[%emt 0:00:57]} 16. hxg3 {[%emt 0:00:05]} Qc8 {[%emt 0:08:05]} 17. Qd3 {[%emt 0:01:49]} c4 {[%emt 0:08:20]} 18. Qc2 {[%emt 0:00:56]} Ne8 {[%emt 0:01:40]} 19. Bd2 {[%emt 0:01:00]} Nd6 {[%emt 0:00:30]} 20. Rae1 {[%emt 0:00:28]} Ne4 {[%emt 0:01:30]} 21. Rxe4 {[%emt 0:00:06]} dxe4 {[%emt 0:00:11]} 22. Qxe4 {[%emt 0:00:13]} Bf6 {[%emt 0:01:35] [#]} 23. g4 $1 {[%emt 0:05:16] White is more active.} ({Reject} 23. Qxe6+ Qxe6 24. Rxe6 h5 $11) 23... g6 {[%emt 0:00:09] Inhibits f5.} 24. Qxe6+ {[%emt 0:01:06]} (24. g5 $5 {[%cal Rg5f6]} Bh8 25. Qxe6+ Qxe6 26. Rxe6 $14) 24... Qxe6 {[%emt 0:01:10]} 25. Rxe6 {[%emt 0:00:07]} Kf7 {[%emt 0:01:02]} 26. Re4 {[%emt 0:03:14]} Rfe8 {[%emt 0:00:35]} 27. Ne5+ {[%emt 0:00:27]} Bxe5 {[%emt 0:00:31]} 28. dxe5 $14 {[%emt 0:00:07][%mdl 4096] Endgame KRR-KRB} Rad8 {[%emt 0:00:38] [#]} ({Black should try} 28... Rac8) 29. Be3 $1 $16 {[%emt 0:00:10]} Ke6 {[%emt 0:00:38]} 30. Rxc4 {[%emt 0:00:42]} Rd1+ {[%emt 0:00:24]} (30... b5 $16 31. Rc7 Kd5) 31. Kf2 $18 {[%emt 0:00:29]} Rb1 {[%emt 0:00:32]} (31... Re7 {keeps fighting.} 32. Kf3 Kd5) 32. b4 {[%emt 0:01:48]} g5 {[%emt 0:00:39]} ({Less strong is} 32... Rb2+ 33. Kf3) (32... Kd7 $142 33. Rd4+ Kc8) 33. g3 {[%emt 0:00:13]} ({Not} 33. fxg5 Kxe5 34. Bf4+ Ke6 $11) 33... gxf4 {[%emt 0:00:15]} 34. gxf4 {[%emt 0:00:24]} Rf8 {[%emt 0:00:44]} (34... Rb2+ $2 35. Kf3) 35. Kf3 {[%emt 0:01:02] White is clearly winning.} Rg8 {[%emt 0:00:26]} 36. Rc7 {[%emt 0:15:59][%csl LRa7,LRh7]} Rf1+ {[%emt 0:00:16]} 37. Ke4 {[%emt 0:01:50] f5+ would kill now.} Rxg4 {[%emt 0:00:43]} 38. Rxh7 {[%emt 0:00:18]} Rg3 {[%emt 0:00:36]} 39. f5+ {[%emt 0:00:45] Weighted Error Value: White=0.10 (very precise) /Black=0.28 (precise)} (39. Rxa7 $142 b5 40. Rb7) 1-0

[Event "4NCL 2021-22"]
[Site "England"]
[Date "2022.04.30"]
[Round "7.38"]
[White "Young, Daniel J"]
[Black "Horton, Jamie A"]
[Result "1/2-1/2"]
[WhiteElo "1938"]
[BlackElo "2275"]
[Annotator "TA"]
[PlyCount "49"]
[EventDate "2021.11.27"]
[EventType "team-tourn"]
[EventCountry "ENG"]
[SourceTitle "playchess.com"]
[Source "ChessBase"]
[SourceQuality "1"]
[TimeControl "40/6000+30:3000+30"]

{[%evp 23,49,0,10,0,0,0,0,-4,0,0,0,-2,8,0,0,-3,-5,-3,0,-8,0,-4,0,0,0,0,0,0]} 1. Nf3 {[%emt 0:00:02]} Nf6 {[%emt 0:03:58]} 2. c4 {[%emt 0:00:14]} e6 {[%emt 0:00:07]} 3. g3 {[%emt 0:00:10]} d5 {[%emt 0:00:27]} 4. Bg2 {[%emt 0:00:11]} Be7 {[%emt 0:00:19]} 5. O-O {[%emt 0:00:12]} O-O {[%emt 0:00:07]} 6. b3 {[%emt 0:00:27]} b6 {[%emt 0:06:37]} 7. Bb2 {[%emt 0:05:06]} Bb7 {[%emt 0:04:49]} 8. e3 {[%emt 0:00:00]} Nbd7 {[%emt 0:02:05]} 9. Nc3 {[%emt 0:00:00]} c5 {[%emt 0:04:17]} 10. Qe2 {[%emt 0:01:31]} Qc7 {[%emt 0:11:34]} 11. Rac1 {[%emt 0:08:35]} Rac8 {[%emt 0:00:46]} 12. Rfd1 {[%emt 0:01:50]} Rfd8 {[%emt 0:02:02] The position is equal.} 13. cxd5 {[%emt 0:04:33] A14: English Opening: 1...e6 with b3 by White.} Nxd5 {[%emt 0:04:13]} 14. Nxd5 {[%emt 0:02:57]} Bxd5 {[%emt 0:09:44]} 15. d4 {[%emt 0:02:25]} Qb7 {[%emt 0:06:17]} 16. Ne1 {[%emt 0:10:41][%cal Bf3e1,Be1g2,Bg2f4][%mdl 32] [#] Threatens to win with e4.} Bxg2 {[%emt 0:02:36]} 17. Nxg2 {[%emt 0:00:09]} Bf6 {[%emt 0:09:15]} 18. dxc5 {[%emt 0:09:44]} Bxb2 {[%emt 0:02:24] [#]} 19. Qxb2 $146 {[%emt 0:00:19]} ({Predecessor:} 19. c6 Rxc6 20. Rxc6 Qxc6 21. Qxb2 Rc8 22. Qd4 Nf6 23. Nf4 {½-½ (35) Hrescak,I (2138)-Medic,M (2196) Terme Catez 2021}) 19... Nxc5 {[%emt 0:01:40][%cal Bd7c5,Bc5e4,Be4d2][%mdl 32]} 20. Nf4 {[%emt 0:04:12]} Ne4 {[%emt 0:08:55]} 21. h4 {[%emt 0:19:07]} h6 {[%emt 0:20:41]} 22. Rxc8 {[%emt 0:18:45]} Qxc8 {[%emt 0:03:41]} 23. Rxd8+ {[%emt 0:02:17]} Qxd8 {[%emt 0:00:02]} 24. Qc2 {[%emt 0:07:24] Prevents Qd1+.} Nd2 {[%emt 0:04:49]} 25. Qc6 {[%emt 0:03:18] An interesting draw.  Weighted Error Value: White=0.03 (flawless) /Black=0.04 (flawless)} 1/2-1/2

[Event "4NCL 2021-22"]
[Site "England"]
[Date "2022.04.30"]
[Round "7.39"]
[White "Sygnowski, Tomasz"]
[Black "Merriman, James"]
[Result "1-0"]
[WhiteElo "2119"]
[BlackElo "1861"]
[Annotator "TA"]
[PlyCount "101"]
[EventDate "2021.11.27"]
[EventType "team-tourn"]
[EventCountry "ENG"]
[SourceTitle "playchess.com"]
[Source "ChessBase"]
[SourceQuality "1"]
[TimeControl "40/6000+30:3000+30"]

{[%evp 10,101,14,10,28,31,38,20,33,31,41,41,51,34,31,35,39,25,35,10,32,0,0,0,0,-22,-43,-65,-16,-10,-7,-76,-80,-103,-106,-124,-95,-156,-163,-200,-181,-183,-114,-113,-111,-87,0,0,0,0,0,0,15,7,9,0,18,20,13,8,29,21,31,22,57,43,59,60,64,79,202,202,201,202,253,252,362,351,346,344,893,254,260,261,262,262,533,525,1167,1140,1379,1277,29994,29995]} 1. e4 {[%emt 0:00:03]} e6 {[%emt 0:00:08]} 2. d4 {[%emt 0:01:44]} d5 {[%emt 0:00:02]} 3. exd5 {[%emt 0:00:06]} exd5 {[%emt 0:00:07]} 4. Nf3 {[%emt 0:00:10]} Bd6 {[%emt 0:01:06]} 5. Bd3 {[%emt 0:00:31]} Nc6 {[%emt 0:02:45]} 6. O-O {[%emt 0:01:21]} Nb4 {[%emt 0:21:26] C01: French: Exchange Variation.} 7. Re1+ {[%emt 0:10:35]} Ne7 {[%emt 0:00:47]} 8. Bf1 {[%emt 0:02:07]} Bf5 {[%emt 0:04:05] The position is equal.} 9. Na3 {[%emt 0:00:23]} O-O {[%emt 0:11:40]} 10. c3 {[%emt 0:07:18]} Nbc6 {[%emt 0:00:09] [#]} 11. Nb5 $146 {[%emt 0:00:34]} ({Predecessor:} 11. Nc2 Ng6 12. Ne3 Be4 13. Nd2 Nh4 14. Nxe4 dxe4 15. Nc4 f5 16. Qb3 Kh8 17. Qxb7 {1-0 (30) Goltsev,D (2312)-Manukyan,S (2253) Chess.com INT 2020}) 11... Ng6 {[%emt 0:00:53] Prevents Nh4.} 12. Nxd6 {[%emt 0:08:05]} Qxd6 {[%emt 0:00:02]} 13. Bd2 {[%emt 0:04:40]} h6 {[%emt 0:07:12]} 14. g3 {[%emt 0:04:18]} Rfe8 {[%emt 0:02:19]} 15. Qb3 {[%emt 0:00:11]} Be4 {[%emt 0:00:47]} 16. Bg2 {[%emt 0:00:07]} Na5 {[%emt 0:11:58][%cal Bc6a5,Ba5c4,Bc4a3,Ba3c2][%mdl 32]} 17. Qa4 {[%emt 0:11:23]} Nc4 {[%emt 0:02:05]} 18. b3 {[%emt 0:02:01] [#]} b5 {[%emt 0:00:46]} 19. Qxb5 $11 {[%emt 0:04:29]} Na3 {[%emt 0:00:11]} 20. Qa4 {[%emt 0:05:56]} (20. Qa5 $11) 20... Nc2 $1 $17 {[%emt 0:00:26][%csl LRa1,LRe1] Pair of Knights!} 21. h4 {[%emt 0:02:21]} Nxa1 {[%emt 0:00:44]} 22. Rxa1 {[%emt 0:00:08]} Qf6 {[%emt 0:09:03]} 23. Re1 {[%emt 0:02:08]} (23. Ne1 $142) 23... Re6 {[%emt 0:00:00]} 24. Re3 {[%emt 0:09:43] [#]} Ra6 $1 {[%emt 0:01:19]} 25. Qd7 {[%emt 0:00:27]} Qd6 {[%emt 0:03:00]} (25... Rxa2 $19 {White must now prevent ...Ne7.} 26. Qxc7 Ne7) 26. Qxd6 {[%emt 0:05:30]} cxd6 {[%emt 0:00:05]} 27. a4 {[%emt 0:01:03] [#]} Rb8 {[%emt 0:02:15]} ({Black should play} 27... Bc2 $1 $17 28. Bf1 Rb6) 28. Bf1 $1 $11 {[%emt 0:02:38]} Rc6 {[%emt 0:03:35]} 29. b4 {[%emt 0:01:36]} Ne7 {[%emt 0:02:05] Threatens to win with ...Nf5.} 30. Nh2 {[%emt 0:05:17]} Kf8 {[%emt 0:06:11]} 31. Re1 {[%emt 0:01:50][%mdl 1024] White has compensation.} Bc2 {[%emt 0:00:00]} 32. Ra1 {[%emt 0:01:32]} Bb3 {[%emt 0:00:00]} 33. Ng4 {[%emt 0:00:06]} Bc4 {[%emt 0:00:41]} 34. Bh3 {[%emt 0:00:43]} Ng8 {[%emt 0:05:37]} 35. Ne3 {[%emt 0:01:14]} Nf6 {[%emt 0:00:22]} 36. f3 {[%emt 0:00:42]} Ra6 {[%emt 0:02:51]} 37. Kf2 {[%emt 0:00:35]} Bb5 {[%emt 0:01:00]} 38. a5 {[%emt 0:00:17]} Rc6 {[%emt 0:00:27]} 39. g4 $1 {[%emt 0:00:07]} Rc7 {[%emt 0:01:22]} (39... Bc4 $16) 40. g5 $18 {[%emt 0:00:12]} hxg5 {[%emt 0:00:12]} 41. hxg5 {[%emt 0:50:06]} Ne8 {[%emt 0:50:09]} 42. Nxd5 {[%emt 0:00:09]} Rc6 {[%emt 0:01:35]} (42... Rc4 $142 43. f4 Nc7) 43. Bd7 {[%emt 0:13:04]} Rc4 {[%emt 0:00:08]} 44. Rh1 {[%emt 0:00:36][%cal Rh1h8]} g6 $2 {[%emt 0:01:39]} (44... Kg8) 45. Bg4 $2 {[%emt 0:01:37]} (45. Rh8+ Kg7 46. Rxe8 Rxe8 47. Bxb5) 45... Kg7 {[%emt 0:01:16]} 46. Re1 {[%emt 0:01:12] And now Re7 would win.} Nc7 {[%emt 0:00:00]} 47. Ne3 {[%emt 0:00:00]} Rc6 $2 {[%emt 0:00:00]} (47... Re8 {is a better defense.} 48. Nxc4 Rxe1 49. Kxe1 Bxc4) 48. d5 {[%emt 0:00:00]} Ra6 {[%emt 0:00:00]} 49. c4 {[%emt 0:00:00]} Be8 {[%emt 0:00:00]} 50. Bc3+ {[%emt 0:00:00]} Kf8 {[%emt 0:00:00]} 51. Bf6 {[%emt 0:00:00] Never resign too early!  Weighted Error Value: White=0.23 (precise) /Black=0.40} 1-0